[Event "Prague Menchik Memorial rapid"]
[Site "Prague"]
[Date "2019.06.09"]
[Round "1"]
[White "Luksa, Ales"]
[Black "Pribyl, Josef"]
[Result "0-1"]
[WhiteElo "1707"]
[BlackElo "2239"]
[PlyCount "82"]
[EventDate "2019.06.09"]
[EventType "swiss (rapid)"]
[EventRounds "9"]
[EventCountry "CSR"]
[SourceTitle "CBM 190 Extra"]
[Source "ChessBase"]
[SourceDate "2019.07.15"]
[SourceVersion "1"]
[SourceVersionDate "2019.07.15"]
[SourceQuality "1"]

1. d4 Nf6 2. Bf4 c5 3. e3 Qb6 4. Nd2 cxd4 5. exd4 Qxd4 6. Be3 Qxb2 7. Ngf3 d5 8. Bd4 Qa3 9. Bb5+ Bd7 10. Bd3 Nc6 11. 0-0 Nxd4 12. Nxd4 a6 13. Re1 e6 14. N2b3 Be7 15. g4 h6 16. Re3 Qd6 17. h3 g6 18. Nf3 Bc6 19. Nbd4 Qf4 20. Ne2 Qc7 21. Ned4 Nd7 22. Rxe6 Nc5 23. Re3 Nxd3 24. Qxd3 Kf8 25. Rae1 Bf6 26. Qa3+ Kg7 27. Nxc6 bxc6 28. Re7 Qf4 29. R7e3 a5 30. Nh2 Qb4 31. Qc1 Rad8 32. Rb3 Qd6 33. Rb7 Rhe8 34. Nf3 Rxe1+ 35. Qxe1 a4 36. Ra7 a3 37. Ra6 Rb8 38. Kg2 Rb2 39. Ra8 Qe7 40. Qxe7 Bxe7 41. Rxa3 Bxa3 0-1

[Event "CZE-ch Juniors op-A"]
[Site "Sec u Chrudimi"]
[Date "2008.03.13"]
[Round "7"]
[White "Luksa, Ales"]
[Black "Kolasin, Jan"]
[Result "0-1"]
[WhiteElo "1738"]
[BlackElo "1952"]
[PlyCount "101"]
[EventDate "2008.03.08"]
[EventType "swiss"]
[EventRounds "9"]
[EventCountry "CZE"]
[SourceTitle "EXT 2009"]
[Source "ChessBase"]
[SourceDate "2008.11.26"]
[SourceVersion "1"]
[SourceVersionDate "2008.11.26"]
[SourceQuality "1"]

1. e4 e6 2. d4 d5 3. e5 c5 4. c3 Nc6 5. Nf3 Bd7 6. a3 Nge7 7. b4 cxd4 8. cxd4 Nf5 9. Bb2 Rc8 10. Bd3 f6 11. 0-0 Be7 12. Re1 0-0 13. Nc3 fxe5 14. dxe5 a6 15. Rc1 b5 16. Ne2 Qb6 17. Bb1 Nh4 18. Ned4 Nxd4 19. Nxh4 Rxc1 20. Bxc1 Bxh4 21. Bxh7+ Kxh7 22. Qh5+ Kg8 23. Qxh4 Nf5 24. Qh3 a5 25. g4 Ne7 26. Be3 d4 27. Bd2 axb4 28. Bxb4 Rf7 29. Rc1 d3 30. Rc5 Nc6 31. Qxd3 Nxe5 32. Qe4 Nf3+ 33. Kg2 Qb8 34. Rh5 Rf4 35. Qg6 Qb6 36. Qh7+ Kf7 37. Rc5 Ne1+ 38. Kf1 Nf3 39. Qh5+ Kg8 40. g5 Bc6 41. Qg6 Nxh2+ 42. Ke1 Re4+ 43. Kd1 Qd8+ 44. Kc1 Qd7 45. Qh5 Nf3 46. Qh3 Rxb4 47. axb4 Qd2+ 48. Kb1 Be4+ 49. Ka1 Qd1+ 50. Ka2 Qb1+ 51. Ka3 0-1

[Event "CZE-ch Juniors op-B"]
[Site "Sec u Chrudimi"]
[Date "2007.03.17"]
[Round "9"]
[White "Luksa, Ales"]
[Black "Kaluzny, Jiri"]
[Result "1-0"]
[WhiteElo "1789"]
[BlackElo "1668"]
[PlyCount "85"]
[EventDate "2007.03.10"]
[EventType "swiss"]
[EventRounds "9"]
[EventCountry "CZE"]
[SourceTitle "EXT 2008"]
[Source "ChessBase"]
[SourceDate "2007.11.25"]
[SourceVersion "1"]
[SourceVersionDate "2007.11.25"]
[SourceQuality "1"]

1. e4 e5 2. Nc3 Nf6 3. g3 d5 4. exd5 Nxd5 5. Bg2 Nxc3 6. bxc3 Bd6 7. Ne2 0-0 8. 0-0 c6 9. d3 Be6 10. c4 Nd7 11. Nc3 f5 12. Rb1 Rb8 13. Re1 Qf6 14. a4 Nc5 15. Bb2 Qg6 16. Bc1 Rf7 17. Qe2 f4 18. Ne4 fxg3 19. hxg3 Bg4 20. Qe3 Nxe4 21. Qxe4 Bf5 22. Qe2 Rbf8 23. Be3 Bg4 24. Qd2 Qh5 25. c5 Bb8 26. Rb4 a5 27. Re4 h6 28. Qxa5 Bf3 29. Bxf3 Rxf3 30. Qb4 Qf5 31. Qd2 Bc7 32. Qe2 Rf6 33. Kg2 g5 34. g4 Qg6 35. Rh1 Qg7 36. Kf1 Ba5 37. Rxe5 Rf7 38. Bd4 Qf8 39. Rxg5+ Kh7 40. Rgh5 Rxf2+ 41. Bxf2 Rf6 42. Qe4+ Kg8 43. Rf5 1-0

[Event "CZE-ch Juniors op-B"]
[Site "Sec u Chrudimi"]
[Date "2007.03.12"]
[Round "3"]
[White "Mensik, Frantisek"]
[Black "Luksa, Ales"]
[Result "0-1"]
[WhiteElo "1566"]
[BlackElo "1789"]
[PlyCount "70"]
[EventDate "2007.03.10"]
[EventType "swiss"]
[EventRounds "9"]
[EventCountry "CZE"]
[SourceTitle "EXT 2008"]
[Source "ChessBase"]
[SourceDate "2007.11.25"]
[SourceVersion "1"]
[SourceVersionDate "2007.11.25"]
[SourceQuality "1"]

1. e4 c5 2. Nf3 e6 3. d4 cxd4 4. Nxd4 a6 5. Bd3 Qc7 6. Nc3 Nf6 7. 0-0 b5 8. Qf3 Bb7 9. Re1 Bd6 10. Qh3 Be7 11. Bg5 d6 12. Kh1 Nbd7 13. f4 b4 14. Na4 Nc5 15. Nxc5 dxc5 16. Nf3 c4 17. Bxf6 gxf6 18. Bf1 Qxf4 19. Bxc4 Bxe4 20. Nd4 Rg8 21. Rad1 Bxg2+ 22. Qxg2 Rxg2 23. Kxg2 e5 24. Bd5 Rd8 25. Nc6 Rd6 26. Nxe7 Kxe7 27. Re4 Qg5+ 28. Kh1 Qf5 29. Rxb4 Rxd5 30. Rb7+ Kf8 31. Rb8+ Kg7 32. Rg1+ Kh6 33. Kg2 Rd2+ 34. Kg3 Qf4+ 35. Kh3 Rxh2# 0-1

[Event "CZE-ch Juniors op-B"]
[Site "Sec u Chrudimi"]
[Date "2007.03.10"]
[Round "1"]
[White "Tvrdy, Tomas"]
[Black "Luksa, Ales"]
[Result "0-1"]
[WhiteElo "1448"]
[BlackElo "1780"]
[PlyCount "46"]
[EventDate "2007.03.10"]
[EventType "swiss"]
[EventRounds "9"]
[EventCountry "CZE"]
[SourceTitle "EXT 2008"]
[Source "ChessBase"]
[SourceDate "2007.11.25"]
[SourceVersion "1"]
[SourceVersionDate "2007.11.25"]
[SourceQuality "1"]

1. e4 c5 2. Nf3 e6 3. d4 cxd4 4. Qxd4 Nc6 5. Qd1 Nf6 6. e5 Nxe5 7. Nxe5 Qa5+ 8. Nc3 Qxe5+ 9. Be3 Bb4 10. Qd3 0-0 11. 0-0-0 d5 12. Bd4 Qg5+ 13. Kb1 Nd7 14. h4 Qg6 15. Qf3 f6 16. Rh3 Bxc3 17. Bxc3 a6 18. Bd3 Qf7 19. Qg3 e5 20. b3 Nc5 21. Bb4 b6 22. Bxc5 bxc5 23. Rh2 e4 0-1

[Event "CZE-ch Juniors op-A"]
[Site "Zlate Hory"]
[Date "2006.03.11"]
[Round "1"]
[White "Luksa, Ales"]
[Black "Krcal, Michal"]
[Result "0-1"]
[WhiteElo "1786"]
[BlackElo "2121"]
[PlyCount "54"]
[EventDate "2006.03.11"]
[EventType "swiss"]
[EventRounds "9"]
[EventCountry "CZE"]
[SourceTitle "EXT 2008"]
[Source "ChessBase"]
[SourceDate "2007.11.25"]
[SourceVersion "1"]
[SourceVersionDate "2007.11.25"]
[SourceQuality "1"]

1. e4 c5 2. Nc3 d6 3. f4 Nc6 4. Bc4 g6 5. Nf3 Bg7 6. 0-0 e6 7. d3 Nge7 8. f5 exf5 9. Ng5 0-0 10. Qe1 Ne5 11. Bb3 h6 12. Nf3 fxe4 13. Nxe5 dxe5 14. Nxe4 Nf5 15. a3 b6 16. Qf2 Qd4 17. Ba2 Be6 18. Kh1 Bxa2 19. Rxa2 Rad8 20. Qf3 Qd5 21. b3 Qe6 22. g4 Nd4 23. Qg2 f5 24. gxf5 gxf5 25. Ng3 Rf6 26. Qh3 Rg6 27. Be3 Qd5+ 0-1